Sports Quiz

Random Sports or Football Quiz

Widzew Lodz XI's Quiz Stats

 Plays Quiz not verified by Sporcle

Challenge
Share
Tweet
Embed
Score 0/165 Timer 10:00
0 Plays Today
% Correct
Marek Citko
93.7%
Marek Citko
93.7%
Marek Citko
93.7%
Maciej Szczesny
92.7%
Tomasz Lapinski
92.2%
Tomasz Lapinski
92.2%
Tomasz Lapinski
92.2%
Tomasz Lapinski
92.2%
Rafal Siadaczka
89.4%
Rafal Siadaczka
89.4%
Rafal Siadaczka
89.4%
Slawomir Majak
89%
Radoslaw Michalski
88.3%
Radoslaw Michalski
88.3%
Radoslaw Michalski
88.3%
Radoslaw Michalski
88.3%
Jacek Dembinski
85.3%
Jacek Dembinski
85.3%
Artur Wichniarek
84.7%
Artur Wichniarek
84.7%
Andrzej Wozniak
83.6%
Marek Koniarek
83.6%
Miroslaw Szymkowiak
83.6%
Miroslaw Szymkowiak
83.6%
Miroslaw Szymkowiak
83.6%
Miroslaw Szymkowiak
83.6%
Maciej Mielcarz
83.6%
Maciej Mielcarz
83.6%
Daniel Bogusz
83.4%
Daniel Bogusz
83.4%
Daniel Bogusz
83.4%
Daniel Bogusz
83.4%
Daniel Bogusz
83.4%
Daniel Bogusz
83.4%
Marcin Robak
83.2%
Marcin Robak
83.2%
Andrzej Michalczuk
82.9%
Andrzej Michalczuk
82.9%
Andrzej Michalczuk
82.9%
Andrzej Michalczuk
82.9%
Ryszard Czerwiec
80.1%
Zbigniew Robakiewicz
77.8%
Zbigniew Robakiewicz
77.8%
Dariusz Gesior
76.9%
Dariusz Gesior
76.9%
Marcin Zajac
76.9%
Dariusz Gesior
76.9%
Dariusz Gesior
76.9%
Marcin Zajac
76.9%
Marcin Zajac
76.9%
Marcin Zajac
76.9%
Jakub Rzezniczak
76.7%
Jakub Rzezniczak
76.7%
Zbigniew Wyciszkiewicz
75.2%
Lukasz Broz
75.2%
% Correct
Lukasz Broz
75.2%
Lukasz Broz
75.2%
Bartlomiej Grzelak
74.9%
Stefano Napoleoni
74.7%
Stefano Napoleoni
74.7%
Marek Bajor
74.3%
Arkadiusz Onyszko
74.1%
Bartosz Fabiniak
74.1%
Bartosz Fabiniak
74.1%
Bartosz Fabiniak
74.1%
Piotr Szarpak
73.2%
Maciej Terlecki
71.5%
Maciej Terlecki
71.5%
Maciej Terlecki
71.5%
Slawomir Olszewski
71.3%
Slawomir Olszewski
71.3%
Jakub Wawrzyniak
70.8%
Jakub Wawrzyniak
70.8%
Jakub Wawrzyniak
70.8%
Rafal Pawlak
67.8%
Rafal Pawlak
67.8%
Rafal Pawlak
67.8%
Rafal Pawlak
67.8%
Rafal Pawlak
67.8%
Ugo Ukah
66.3%
Ugo Ukah
66.3%
Ugo Ukah
66.3%
Robertas Poskus
65.9%
Piotr Wlodarczyk
64.6%
Darvydas Sernas
64.4%
Jaroslaw Bieniuk
64.1%
Jaroslaw Bieniuk
64.1%
Pawel Miaszkiewicz
63.9%
Adrian Budka
63.3%
Adrian Budka
63.3%
Adrian Budka
63.3%
Adrian Budka
63.3%
Kazimierz Wegrzyn
62.9%
Kazimierz Wegrzyn
62.9%
Tomasz Lisowski
62.6%
Tomasz Lisowski
62.6%
Andrzej Kobylanski
61.1%
Adam Piekutowski
60.7%
Adam Piekutowski
60.7%
Slawomir Gula
59.4%
Slawomir Gula
59.4%
Slawomir Gula
59.4%
Mindaugas Panka
59%
Mindaugas Panka
59%
Przemyslaw Urbaniak
57.7%
Przemyslaw Urbaniak
57.7%
Przemyslaw Urbaniak
57.7%
Mariusz Jop
57%
Piotr Kuklis
55.7%
Piotr Kuklis
55.7%
% Correct
Piotr Kuklis
55.7%
Giuliano
55.3%
Patryk Rachwal
54.2%
Patryk Rachwal
54.2%
Michal Stasiak
54%
Lukasz Gorszkow
53.6%
Rafal Kaczmarczyk
53.3%
Norbert Tyrajski
53.3%
Piotr Mosor
52.9%
Dudu Paraiba
52.7%
Maciej Stolarczyk
51.4%
Robert Dymkowski
51.2%
Arkadiusz Bak
50.8%
Jacek Magiera
50.5%
Bartosz Iwan
50.1%
Bartosz Iwan
50.1%
Robert Klos
49%
Robert Klos
49%
Michal Probierz
48.6%
Krzysztof Sokalski
48.6%
Piotr Stawarczyk
48.4%
Piotr Stawarczyk
48.4%
Piotr Stawarczyk
48.4%
Juliano
48.2%
Andrzej Rybski
47.7%
Slawomir Suchomski
46.9%
Maxwell Kalu
46.7%
Lukasz Maslowski
46%
Jaroslaw Lato
45.8%
Slawomir Rutka
45.6%
Lelo
45.6%
Przemyslaw Oziebala
44.3%
Lukasz Mierzejewski
43.8%
Slawomir Szeliga
43.6%
Slawomir Szeliga
43.6%
Slawomir Szeliga
43.6%
Marek Walburg
43.4%
Artur Wyczalkowski
42.1%
Artur Wyczalkowski
42.1%
Adam Kryger
41.5%
Jacek Paszulewicz
41.3%
Wojciech Szymanek
40.8%
Adam Cichon
40.2%
Kamil Kuzera
40%
Radoslaw Becalik
38.9%
Lukasz Juszkiewicz
38.7%
Lukasz Juszkiewicz
38.7%
Slawomir Nazaruk
36.5%
Adam Kardasz
35.9%
Rafal Szwed
35.2%
Bartlomiej Konieczny
32.8%
Pizano
32.6%
Damian Seweryn
32.4%
Adrian Klepczynski
30.2%
Jaroslaw Bialek
30%

You're not logged in!

Compare scores with friends on all Sporcle quizzes.
OR
Log In

You Might Also Like...

Show Comments

Extras

Created Apr 12, 2011ReportNominate
Tags:Football Quiz, poland

Top Quizzes Today


Score Distribution

Your Account Isn't Verified!

In order to create a playlist on Sporcle, you need to verify the email address you used during registration. Go to your Sporcle Settings to finish the process.

Report this User

Report this user for behavior that violates our Community Guidelines.

Details: